Tilastot visalle Sanat - "Ei elämästä selviä hengissä" - Juice Leskinen

Klikkaa tästä pelataksesi tätä visaa!

Yleistilastot

  • Tätä visaa on pelattu 86 kertaa
  • Keskiarvotulos 93 / 141

Vastaustilastot

sanat% Oikein
elämä
100%
se
100%
Se
100%
elämästä
98%
selviä
98%
ei
97%
(ei
97%
Ei
97%
hengissä
97%
hengissä)
97%
on
83%
Sen
83%
et
81%
(et
81%
Et
81%
Ja
81%
ja
81%
kun
79%
79%
Voi
78%
Jos
71%
jos
71%
Mut
71%
selvitä
69%
että
67%
Mutta
67%
vie
67%
Eikä
66%
tee
66%
elämän
64%
koko
64%
lie
64%
"Poks"
64%
sanoo
64%
ainakaan
62%
hyvin
62%
jengissä
62%
kaikkein
62%
Kas
62%
kestää
62%
raittiustuolissaan
62%
kaiken
60%
kyllä
60%
maksasi
60%
missään
60%
muka
60%
huolissaan
59%
Raittiushenkilö
59%
Sinusta
59%
teet
59%
vaikeinta
59%
väittää
59%
aikasi
57%
säästellä
57%
päästellä
55%
rengissä
53%
sinua
53%
Däng
52%
däng
52%
hulttioks
52%
kengissä
52%
Ne
50%
sitä
50%
yhteistä
50%
kenties
48%
niin
47%
oo
47%
Joo
45%
joo
45%
pomossa
45%
täysillä
45%
toisen
45%
Voit
43%
kenenkään
41%
Sua
41%
heilua
40%
Jee
40%
jee
40%
nimittää
40%
svengissä
40%
ajaa
38%
jonkun
38%
muun
38%
otat
38%
satimeen
38%
edes
36%
haluat
36%
joudut
36%
kyttää
36%
reilusti
36%
Hänen
34%
johtajaks
34%
kaikkea
33%
tappeluun
33%
vielä
33%
ansoineen
31%
järjestöt
31%
kertonut
31%
elämäsi
29%
Enkä
29%
puolestaan
29%
saarnaajat
28%
nyt
16%

Tulosjakauma

Persentiili vastausten määrän mukaan

Jokaisen tuloksen saaneiden osuus

Tuloshistoriasi

Et ole pelannut tätä visaa